000 00506nam a22001577a 4500
003 NUST
082 _a610
100 _aATHAR, RIDA
_9122202
245 _aRole of Vitexin Liposomes in Treatment of Depression /
_cRIDA ATHAR
264 _aIslamabad:
_bSMME- NUST.
_c2020.
300 _a62p. ;
_bSoft Copy,
_c30cm.
650 _aMS Biomedical Sciences (BMS)
700 _aSupervisor : Dr. Nosheen Fatima Rana
856 _uhttp://10.250.8.41:8080/xmlui/handle/123456789/13219
942 _2ddc
_cTHE
999 _c608739
_d608739